000 00283nam a22001097a 4500
082 _a624.1042
_bMES
_cL-39, P-126
245 _aSchedule of Rates
_cMES
260 _aRawalpindi
_cc1993
300 _aii, p-725
_bill
_c18cm
526 _a0
_b0
_c0
_d624_104200000000000_MES
942 _2ddc
_cBK
999 _c550571
_d550571